তবকাত-ই-নাসিরী। / (Record no. 26708)
[ view plain ]
| 000 -LEADER | |
|---|---|
| fixed length control field | 00961nam a22002177a 4500 |
| 003 - CONTROL NUMBER IDENTIFIER | |
| control field | BDDh-ASL |
| 005 - DATE AND TIME OF LATEST TRANSACTION | |
| control field | 20231015030656.0 |
| 008 - FIXED-LENGTH DATA ELEMENTS--GENERAL INFORMATION | |
| fixed length control field | 211017s1983 b ||||| |||| 00| 0 b d |
| 040 ## - CATALOGING SOURCE | |
| Transcribing agency | BDDh-ASL |
| 082 ## - DEWEY DECIMAL CLASSIFICATION NUMBER | |
| Classification number | 954 |
| Item number | SIT |
| 100 1# - MAIN ENTRY--PERSONAL NAME | |
| 9 (RLIN) | 5124 |
| Personal name | সিরাজ, -ই-মীনহাজ |
| 245 10 - TITLE STATEMENT | |
| Title | তবকাত-ই-নাসিরী। / |
| Statement of responsibility, etc. | আবুল কালাম মোহাম্মদ যাকারিয়া (অনূদিত ও সম্পাদিত)। |
| 246 ## - VARYING FORM OF TITLE | |
| Title proper/short title | Tabaqat-I-Nasiree. |
| 260 ## - PUBLICATION, DISTRIBUTION, ETC. | |
| Place of publication, distribution, etc. | ঢাকা: |
| Name of publisher, distributor, etc. | বাংলা একাডেমি, |
| Date of publication, distribution, etc. | ১৯৮৩। |
| 300 ## - PHYSICAL DESCRIPTION | |
| Extent | ৩৪৩+পৃষ্ঠা, : |
| Dimensions | ২৪ সে. মি. |
| 504 ## - BIBLIOGRAPHY, ETC. NOTE | |
| Bibliography, etc. note | গ্রন্থপঞ্জি সংযুক্ত । |
| 650 #0 - SUBJECT ADDED ENTRY--TOPICAL TERM | |
| 9 (RLIN) | 4586 |
| Topical term or geographic name entry element | History (ইতিহাস) |
| 650 #0 - SUBJECT ADDED ENTRY--TOPICAL TERM | |
| 9 (RLIN) | 981 |
| Topical term or geographic name entry element | Bengal History |
| 700 1# - ADDED ENTRY--PERSONAL NAME | |
| 9 (RLIN) | 2203 |
| Personal name | যাকারিয়া, আবুল কালাম মোহাম্মদ |
| 942 ## - ADDED ENTRY ELEMENTS (KOHA) | |
| Source of classification or shelving scheme | Dewey Decimal Classification |
| Koha item type | Books |
| Withdrawn status | Lost status | Source of classification or shelving scheme | Damaged status | Not for loan | Collection code | Home library | Current library | Shelving location | Date acquired | Source of acquisition | Total Checkouts | Full call number | Barcode | Date last seen | Copy number | Price effective from | Koha item type | Public note |
|---|---|---|---|---|---|---|---|---|---|---|---|---|---|---|---|---|---|---|
| Dewey Decimal Classification | Non-fiction | Asiatic Society Library | Asiatic Society Library | General Stacks | 10/17/2021 | ASB Collection | 954 SIT | 112748 | 10/17/2021 | C-1 | 10/17/2021 | Books | RARE | |||||
| Dewey Decimal Classification | Non-fiction | Asiatic Society Library | Asiatic Society Library | General Stacks | 10/17/2021 | ASB Collection | 954 SIT | 112749 | 10/17/2021 | C-2 | 10/17/2021 | Books | RARE | |||||
| Dewey Decimal Classification | Non-fiction | Asiatic Society Library | Asiatic Society Library | General Stacks | 10/17/2021 | ASB Collection | 954 SIT | 112750 | 10/17/2021 | C-3 | 10/17/2021 | Books | RARE | |||||
| Dewey Decimal Classification | Non-fiction | Asiatic Society Library | Asiatic Society Library | General Stacks | 10/17/2021 | ASB Collection | 954 SIT | 112751 | 10/17/2021 | C-4 | 10/17/2021 | Books | RARE |